• 首页
  • 本馆介绍
  • 公告通知
  • 最新文献
  • 馆藏检索
  • 电子资源
  • 读者导购
  • 参考咨询
  • 我的图书馆
  • 登录
  • 详细信息显示
  • 放入我的书架
  • 预约/预借图书
  • 作者相关作品
  • 分类相关作品
  • 丛书相关作品
  • 出版社相关作品

书目信息

  • 表格格式
  • 工作单格式
  • 卡片格式
题名:
健康一百岁 开心万里行
    
 
作者: 胡维勤 编著
分册:  
出版信息: 北京   中国科学文献出版社  2013
页数: 111页
开本: 21cm
丛书名: 中国中老年人养生康复工程万里行健康丛书
单 册:
中图分类: I267 , R589.2
科图分类:
主题词: 游记--中国--现代--选集 , 游记 , 内分泌病 , 代谢病
电子资源:
ISBN: 978-9-88150-808-9
000 00772nam0 2200277 450
001 012015000385
005 20170515144729.53
010    @a978-9-88150-808-9@dCNY18.50
100    @a20150715d2013 em y0chiy0120 ea
101 0  @achi
102    @aCN@b110000
105    @ay z 000yy
106    @ar
200 1  @a健康一百岁 开心万里行@AJian Kang Yi Bai Sui Kai Xin Wan Li Xing@f胡维勤编著
210    @a北京@c中国科学文献出版社@d2013
215    @a111页@d21cm
225 2  @a中国中老年人养生康复工程万里行健康丛书
606 0  @a游记@y中国@z现代@x选集
606 0  @a游记
606 0  @a内分泌病
606 0  @a代谢病
690    @aI267@v5
690    @aR589.2@v4
701  0 @a胡维勤@AHu Wei Qin@4编著
801  0 @aCN@b碧洲教育@c20150716
905    @a10447@f4@dR589.2@e137
    
    健康一百岁 开心万里行/胡维勤编著.-北京:中国科学文献出版社,2013
    111页;21cm.-(中国中老年人养生康复工程万里行健康丛书)
    
    
    ISBN 978-9-88150-808-9:CNY18.50
    
●
相关链接 在E读中查询图书 在五车中查询图书 在当当中查询图书 在豆瓣中查询图书


正题名:健康一百岁 开心万里行     索取号:R589.2/137         预约/预借

序号 登录号 条形码 馆藏地/架位号 状态 备注
1 0849504   208495047   第二样本阅览室/ [索取号:R589.2/137] 在馆    
2 0849505   208495056   第三借阅区/ [索取号:R589.2/137] 在馆    
3 0849506   208495065   第三借阅区/ [索取号:R589.2/137] 在馆    
4 0849507   208495074   第三借阅区/ [索取号:R589.2/137] 在馆    
唐山师范学院图书馆 欢迎您!
大连网信软件有限公司© 版权所有